|
|
|
|
| LEADER |
03797nam a22004453i 4500 |
| 001 |
EBC6315606 |
| 003 |
MiAaPQ |
| 005 |
20231204023214.0 |
| 006 |
m o d | |
| 007 |
cr cnu|||||||| |
| 008 |
231204s2018 xx o ||||0 eng d |
| 020 |
|
|
|a 9783319965208
|q (electronic bk.)
|
| 020 |
|
|
|z 9783319965192
|
| 035 |
|
|
|a (MiAaPQ)EBC6315606
|
| 035 |
|
|
|a (Au-PeEL)EBL6315606
|
| 035 |
|
|
|a (OCoLC)1236263423
|
| 040 |
|
|
|a MiAaPQ
|b eng
|e rda
|e pn
|c MiAaPQ
|d MiAaPQ
|
| 050 |
|
4 |
|a TA1501-1820
|
| 100 |
1 |
|
|a Maier, Andreas.
|
| 245 |
1 |
0 |
|a Medical Imaging Systems :
|b An Introductory Guide.
|
| 250 |
|
|
|a 1st ed.
|
| 264 |
|
1 |
|a Cham :
|b Springer International Publishing AG,
|c 2018.
|
| 264 |
|
4 |
|c Ã2018.
|
| 300 |
|
|
|a 1 online resource (263 pages)
|
| 336 |
|
|
|a text
|b txt
|2 rdacontent
|
| 337 |
|
|
|a computer
|b c
|2 rdamedia
|
| 338 |
|
|
|a online resource
|b cr
|2 rdacarrier
|
| 490 |
1 |
|
|a Lecture Notes in Computer Science Series ;
|v v.11111
|
| 505 |
0 |
|
|a Intro -- Preface -- Contents -- 1 Introduction -- 2 System Theory -- 2.1 Signals and Systems -- 2.2 Convolution and Correlation -- 2.3 Fourier Transform -- 2.4 Discrete System Theory -- 2.5 Examples -- 3 Image Processing -- 3.1 Images and Histograms -- 3.2 Image Enhancement -- 3.3 Edge Detection -- 3.4 Image Filtering -- 3.5 Morphological Operators -- 3.6 Image Segmentation -- 4 Endoscopy -- 4.1 Minimally Invasive Surgery and Open Surgery -- 4.2 Minimally Invasive Abdominal Surgery -- 4.3 Assistance Systems -- 4.4 Range Imaging in Abdominal Surgery -- 5 Microscopy -- 5.1 Image Formation in a Thin Lens -- 5.2 Compound Microscope -- 5.3 Bright Field Microscopy -- 5.4 Fluorescence Microscopy -- 5.5 Phase Contrast Microscopy -- 5.6 Quantitative Phase Microscopy -- 5.7 Limitation of Light Microscopy -- 5.8 Beyond Light Microscopy -- 5.9 Light Microscopy Beyond the Diffraction Limit -- 6 Magnetic Resonance Imaging -- 6.1 Nuclear Magnetic Resonance (NMR) -- 6.2 Principles of Magnetic Resonance Imaging -- 6.3 Pulse Sequences -- 6.4 Advanced Topics -- 7 X-ray Imaging -- 7.1 Introduction -- 7.2 X-ray Generation -- 7.3 X-ray Matter Interaction -- 7.4 X-ray Imaging -- 7.5 X-ray Applications -- 8 Computed Tomography -- 8.1 Introduction -- 8.2 Mathematical Principles -- 8.3 Image Reconstruction -- 8.4 Practical Considerations -- 8.5 X-ray Attenuation with Polychromatic Attenuation -- 8.6 Spectral CT -- 9 X-ray Phase Contrast: Research on a Future Imaging Modality -- 9.1 Introduction -- 9.2 Talbot-Lau Interferometer -- 9.3 Applications -- 9.4 Research Challenges -- 10 Emission Tomography -- 10.1 Introduction -- 10.2 Physics of Emission Tomography -- 10.3 Acquisition Systems -- 10.4 Reconstruction -- 10.5 Clinical Applications -- 10.6 Hybrid Imaging -- 11 Ultrasound -- 11.1 Introduction -- 11.2 Physics of Sound Waves -- 11.3 Image Acquisition for Diagnostics.
|
| 505 |
8 |
|
|a 11.4 Safety Aspects -- 12 Optical Coherence Tomography -- 12.1 Working Principle of OCT -- 12.2 Time Domain OCT -- 12.3 Fourier Domain OCT -- 12.4 OCT Angiography -- 12.5 Applications -- Acronyms -- Author Index.
|
| 588 |
|
|
|a Description based on publisher supplied metadata and other sources.
|
| 590 |
|
|
|a Electronic reproduction. Ann Arbor, Michigan : ProQuest Ebook Central, 2023. Available via World Wide Web. Access may be limited to ProQuest Ebook Central affiliated libraries.
|
| 655 |
|
4 |
|a Electronic books.
|
| 700 |
1 |
|
|a Steidl, Stefan.
|
| 700 |
1 |
|
|a Christlein, Vincent.
|
| 700 |
1 |
|
|a Hornegger, Joachim.
|
| 776 |
0 |
8 |
|i Print version:
|a Maier, Andreas
|t Medical Imaging Systems
|d Cham : Springer International Publishing AG,c2018
|z 9783319965192
|
| 797 |
2 |
|
|a ProQuest (Firm)
|
| 830 |
|
0 |
|a Lecture Notes in Computer Science Series
|
| 856 |
4 |
0 |
|u https://ebookcentral.proquest.com/lib/matrademy/detail.action?docID=6315606
|z Click to View
|